000 00293 a2200145 4500
001 180900
020 _a
040 _cMagnum
100 _a-
240 1 0 _aA mudanca do sr.bicudo
_lpor
245 1 0 _aA mudanca do sr.bicudo
362 0 _a1899
697 _aMAGNITO: I/ANIMAIS
942 _cBK
999 _c180900
_d180900